Medzinárodné strategické rozhodovanie podniku
Saved in:
| Main Author: | |
|---|---|
| Corporate Author: | |
| Other Authors: | , , , |
| Format: | Book |
| Language: | Slovak |
| Published: |
Bratislava
Sprint dva
2008
|
| Series: | Economics
|
| Subjects: | |
| Tags: |
No Tags, Be the first to tag this record!
|
MARC
| LEADER | 00000nam$a2200000$$$4500 | ||
|---|---|---|---|
| 001 | 0082751 | ||
| 005 | 20240502071929.4 | ||
| 020 | |a 978-80-969927-6-8 | ||
| 041 | 0 | |a slo | |
| 044 | |a SK | ||
| 245 | 1 | 0 | |a Medzinárodné strategické rozhodovanie podniku |c Jana Sršňová a kolektív |
| 264 | 1 | |a Bratislava |b Sprint dva |c 2008 | |
| 300 | |a 214 s. | ||
| 490 | 1 | |a Economics | |
| 830 | 0 | |a Economics | |
| 610 | 2 | 0 | |a stratégia podniková |
| 610 | 2 | 0 | |a investície zahraničné |
| 610 | 2 | 0 | |a globalizácia |
| 610 | 2 | 0 | |a analýza faktorová |
| 610 | 2 | 0 | |a zdroje podnikové |
| 610 | 2 | 0 | |a trh zahraničný |
| 610 | 2 | 0 | |a licencie |
| 610 | 2 | 0 | |a kultúra podniková |
| 610 | 2 | 0 | |a politika výrobková |
| 610 | 2 | 0 | |a politika cenová |
| 610 | 2 | 0 | |a sponzorovanie |
| 610 | 2 | 0 | |a politika personálna |
| 610 | 2 | 0 | |a rozhodovanie strategické |
| 610 | 2 | 0 | |a internacionalizácia |
| 100 | 1 | |a Sršňová, Jana | |
| 700 | 1 | |a Füzyová, Ľubica | |
| 700 | 1 | |a Roby, Zuzana | |
| 700 | 1 | |a Strieška, Ľubomír | |
| 700 | 1 | |a Ferencz, Vojtech | |
| 710 | 2 | |a Ekonomická univerzita v Bratislave. Fakulta podnikového manažmentu | |